|
|
|
|
| LEADER |
00000nam a2200000 a 4500 |
| 001 |
vtls001335501 |
| 003 |
SK-MaSNL |
| 005 |
20260301200526.0 |
| 008 |
251113s1998 CH 0 fre |
| 020 |
|
|
|a 9222106504
|c [232,00]
|
| 035 |
|
|
|a SNK000288472
|
| 040 |
|
|
|a SNK
|b slo
|c SNK
|e AACR2
|
| 044 |
|
|
|a CH
|
| 080 |
|
|
|a 061.2(100):331
|2 1981
|
| 110 |
0 |
|
|a Medzinárodná organizácia práce
|4 aut
|9 18131
|
| 245 |
1 |
|
|a Informations concernant le programme et budget 1998-99 et autres questions financieres et administratives
|b deuxieme question a l'ordre du jour: Programme et budget et autres questions financieres : rapport 2
|
| 260 |
|
|
|a Geneve
|b Bureau international du Travail
|c 1998
|
| 300 |
|
|
|a v, 18 s.
|c 30 cm
|
| 490 |
1 |
|
|a Conference internacionale du Travail
|x 0251-3218
|v session 1998
|
| 610 |
0 |
7 |
|a Medzinárodná organizácia práce
|a Ženeva, Švajčiarsko
|x program
|x rozpočet
|y 1998-1999
|2 SNK
|9 287553
|
| 611 |
1 |
7 |
|a Medzinárodná organizácia práce
|a Ženeva, Švajčiarsko
|x program
|x rozpočet
|y 1998-1999
|2 SNK
|9 287554
|
| 830 |
|
0 |
|a Conference internacionale du Travail
|9 579831
|
| 919 |
|
|
|a 92-2-210650-4
|
| 999 |
|
|
|c 890865
|d 892795
|
| 952 |
|
|
|t P60, <04>, [BOOK], {604}
|a SNK
|b SNK
|y VYP
|7 0
|p 17A0141222
|o snkIB 69900
|i snkV 819/98
|0 0
|1 0
|4 0
|d 1998-06-26
|l 0
|r 2005-01-02 00:00:00
|w 2026-02-24
|